000 01404nam a2200277 a 4500
005 20200104041617.0
008 110302s2010 ck ab frb 000 0 spa d
020 _a9789588343457
040 _aCO-BoIAVH
_cCO-BoIAVH
041 _aspa
044 _ack
082 0 4 _a333.72
_bC833p2
245 0 0 _aPlaneación ambiental para la conservación de la biodiversidad en las áreas operativas de Ecopetrol en el Magdalena Medio y los Llanos Orientales de Colombia
_cGermán Corzo Mora ... [et al.]
260 _aBogotá
_bEcopetrol
_bInstituto de Investigación de Recursos Biolgicos Alexander von Humboldt
_c2010
300 _a30 p.
_bil., mapas
_c28 cm.
500 _aCorresponde a los resultados del primer objetivo del proyecto, que refiere a la identificación de áreas para la conservación de la biodiversidad.
504 _aIncluye referencias bibliográficas y glosario
650 1 7 _aConservación del medio ambiente
_zMagdalena Medio (Colombia)
650 1 7 _aConservación del medio ambiente
_zLlanos Orientales (Colombia)
650 1 7 _aDiversidad biológica
_zMagdalena Medio (Colombia)
650 1 7 _aDiversidad biológica
_zLlanos Orientales (Colombia)
700 1 _aCorzo, Germán
710 2 _aEmpresa Colombiana de Petróleos
710 2 _aInstituto de Investigación de Recursos Biológicos Alexander von Humboldt
942 _2ddc
_cFolleto
999 _c7420
_d7420